01553nam a2200409Ii 4500001001100000003000800011006001900019007001500038008004100053020002700094020001900121020001600140035002100156040002600177041001300203043001200216050001600228100002800244240003400272245014800306250001100454264006000465300004200525336002600567337002600593338003600619490003400655500013700689504005600826651002100882655002200903700002000925700003100945700004100976830005401017856007201071DIGUDS0441NyNyDIGm o d cr |||||||||||131201s2009 sp a ob 000 0 spa d a9788490121993q(eBook) z9788478002689  z8478002685  a(OCoLC)847621048 aDGITAbengepncDGITA1 aspahpor as-bl---14aF2521 eBook1 aMota, Carlos Guilherme.10aHistória do BrasillSpanish10aHistoria de Brasil :buna interpretación /cCarlos Guilherme Mota, Adriana Lopez ; revisión y traducción de José Manuel Santos Pérez. a1. ed. 1aSalamanca :bEdiciones Universidad de Salamanca,c2009. a1 online resource (724 pages) :bill. atextbtxt2rdacontent acomputerbc2rdamedia aonline resourcebcr2rdacarrier1 aBiblioteca de América ;v41 aRev. translation of: História do Brasil: uma interpretação ; Adriana Lopez & Carlos Guilherme Mota. São Paulo : Senac, 2008. aIncludes bibliographical references (p. [697]-722). 0aBrazilxHistory. 0aElectronic books.1 aLopez, Adriana.1 aSantos Pérez, J. Manuel.1 aLopez, Adriana.tHistoria do Brasil. 0aBiblioteca de América (Salamanca, Spain) ;v41.403Digitalia Hispánicauhttps://www.digitaliapublishing.com/a/19286/